000 00864nmm a2200277 a 4500
001 ocm0001299353
003 TR-IsHL
005 20201028161717.0
008 160715s2016 tu tur
007 cr cn
020 _a9786058343702
035 _a1299353
_b(N$T)
050 0 4 _aTA352
_b.E73 2016
090 0 4 _aTA352
_b.E73 2016
100 1 _aErcan, Yücel
245 1 0 _aMühendislik sistemlerinin dinamiğine Hamilton Prensibi yaklaşımı
_h[electronic resource] /
_cYücel Ercan
260 _a[yayın yeri yok] :
_b[yayınlayan yok],
_c2016
300 _a120 p.
500 _aKaynakça var.
_x
650 4 _aFizik
650 4 _aPhysics
650 0 _aDinamik
650 0 _aDynamics
650 7 _aSCIENCE / Mechanics / Dynamics
_2bisacsh
856 4 0 _uhttp://search.ebscohost.com/login.aspx?direct=true&scope=site&db=e011xww&AN=1299353
999 _c14285
_d14285